[Event "AUTO-INT-389"]
[Site "http://www.queenalice.com/game.php?id=286129"]
[Date "2007.10.14"]
[Round "2"]
[White "gabrielbrenner"]
[Black "alexquine"]
[Result "1-0"]
[WhiteElo "1769"]
[BlackElo "1785"]

1. e4 c5 2. f4 d6 3. Nf3 Nc6 4. Be2 e6 5. c4 Nf6 6. Nc3 Be7 7. O-O a6 8. a4 O-O
9. d3 Qc7 10. Bd2 Bd7 11. Qc2 Nb4 12. Qc1 d5 13. Nxd5 exd5 14. cxd5 Qb6 15. e5
Nfxd5 16. Qc4 Be6 17. Qe4 f5 18. Qc4 Ne3 19. Bxe3 1-0

[Event "AUTO-INT-389"]
[Site "http://www.queenalice.com/game.php?id=286134"]
[Date "2007.10.14"]
[Round "2"]
[White "gabrielbrenner"]
[Black "silviopato"]
[Result "0-1"]
[WhiteElo "1838"]
[BlackElo "1968"]

1. e4 c6 2. d4 d5 3. e5 Bf5 4. f4 e6 5. Nf3 Nd7 6. Bd3 Nh6 7. h3 c5 8. c3 Qb6 9.
Nbd2 Bxd3 10. Nb3 c4 11. Nbd2 Nf5 12. b3 Ne3 0-1

[Event "AUTO-ADV-568"]
[Site "http://www.queenalice.com/game.php?id=296643"]
[Date "2007.11.1"]
[Round "2"]
[White "arauca"]
[Black "gabrielbrenner"]
[Result "1-0"]
[WhiteElo "2102"]
[BlackElo "1837"]

1. e4 e5 2. d4 exd4 3. Qxd4 Nc6 4. Qe3 d6 5. Nc3 Nf6 6. Bd2 Be7 7. O-O-O Be6 8.
f4 Bg4 9. Nf3 h6 10. h3 Bh5 11. g4 Bg6 12. f5 Bh7 13. Bb5 a6 14. Ba4 b5 15. Nxb5
axb5 16. Bxb5 Rxa2 17. Bxc6+ Nd7 18. Kb1 Qa8 19. Bxa8 1-0

[Event "AUTO-ADV-568"]
[Site "http://www.queenalice.com/game.php?id=296644"]
[Date "2007.11.1"]
[Round "2"]
[White "gabrielbrenner"]
[Black "arauca"]
[Result "0-1"]
[WhiteElo "1821"]
[BlackElo "2123"]

1. e4 c5 2. Nf3 Nc6 3. Bc4 e6 4. O-O Nge7 5. Nc3 a6 6. a3 g6 7. d3 Bg7 8. Be3
Nd4 9. Bxd4 cxd4 10. Ne2 Nc6 11. c3 Qb6 12. Rb1 O-O 13. Qd2 d6 14. Ng3 e5 15.
cxd4 Nxd4 16. Nxd4 Qxd4 17. Rfc1 Be6 18. b4 Rac8 19. Qa2 Bxc4 20. dxc4 Rc7 21.
Rc2 Rfc8 22. Rbc1 Bh6 23. Ne2 Qxe4 24. f3 Be3+ 25. Kh1 Qh4 26. g3 Qh3 27. Rd1
Qe6 28. Rd5 Qxd5 29. cxd5 Rxc2 0-1

[Event "AUTO-ADV-568"]
[Site "http://www.queenalice.com/game.php?id=296647"]
[Date "2007.11.1"]
[Round "2"]
[White "rxk"]
[Black "gabrielbrenner"]
[Result "0-1"]
[WhiteElo "1773"]
[BlackElo "1786"]

1. d4 d5 2. c4 e6 3. Nf3 Nf6 4. Bg5 Be7 5. Nc3 Nbd7 6. e3 b6 7. cxd5 exd5 8. Bd3
Bb7 9. O-O O-O 10. h4 h6 11. Bf4 c5 12. Bc2 Rc8 13. Qd3 c4 14. Qf5 a6 15. Ne5 b5
16. Nxd7 Qxd7 17. Be5 Qxf5 18. Bxf5 Rce8 19. Bxf6 Bxf6 20. a3 Bxh4 21. g3 Be7
22. Rae1 Bf6 23. g4 Re7 24. f3 Rfe8 25. e4 dxe4 26. fxe4 Bxd4+ 27. Kh2 Bxc3 28.
bxc3 Bxe4 0-1

[Event "AUTO-ADV-568"]
[Site "http://www.queenalice.com/game.php?id=296648"]
[Date "2007.11.1"]
[Round "2"]
[White "gabrielbrenner"]
[Black "rxk"]
[Result "0-1"]
[WhiteElo "1815"]
[BlackElo "1826"]

1. e4 c5 2. Nf3 d6 3. Bc4 e6 4. O-O Nc6 5. a3 Nf6 6. Nc3 Be7 7. d3 O-O 8. Bf4 e5
9. Bg3 Bg4 10. h3 Bxf3 11. Qxf3 Nd4 12. Qd1 a6 13. Ne2 b5 14. Nxd4 cxd4 15. c3
bxc4 16. cxd4 cxd3 17. Qxd3 Nd7 18. dxe5 dxe5 19. Qc3 Rc8 20. Qa5 Qxa5 0-1

[Event "AUTO-ADV-568"]
[Site "http://www.queenalice.com/game.php?id=296651"]
[Date "2007.11.1"]
[Round "2"]
[White "gabrielbrenner"]
[Black "ravague"]
[Result "0-1"]
[WhiteElo "1785"]
[BlackElo "1788"]

1. e4 e5 2. Nf3 Nc6 3. Bb5 Nf6 4. Nc3 Bc5 5. O-O d6 6. h3 O-O 7. d3 Bd7 8. Bg5
h6 9. Bh4 Nd4 10. Bxd7 Qxd7 11. Bxf6 gxf6 12. Qd2 Kh7 13. Nh4 Rg8 14. Kh2 Rg5
15. f4 Rg7 16. Nf5 Nxf5 17. exf5 Qxf5 18. Ne4 Rag8 19. g4 Qe6 20. f5 Qe7 21. c4
h5 22. Qg2 b5 23. cxb5 d5 24. Ng3 Rg5 25. Ne2 Kg7 26. Kg3 Kf8 27. Kf3 hxg4+ 28.
hxg4 e4+ 29. dxe4 Qxe4+ 0-1

[Event "AUTO-ADV-568"]
[Site "http://www.queenalice.com/game.php?id=296652"]
[Date "2007.11.1"]
[Round "2"]
[White "ravague"]
[Black "gabrielbrenner"]
[Result "0-1"]
[WhiteElo "1806"]
[BlackElo "1767"]

1. e4 e5 2. f4 exf4 3. Nf3 Be7 4. d4 Bh4+ 5. Ke2 d6 6. Bxf4 Bg4 7. Nd2 Bxf3+ 8.
Nxf3 Be7 9. Qd2 Nf6 10. Qd3 O-O 11. Re1 Nc6 12. Kd1 Nb4 13. Qb3 a5 14. a4 d5 15.
e5 Nd7 16. Bd3 c5 17. Bb5 c4 18. Qe3 f6 19. Rhf1 Nb8 20. h3 N8c6 21. Nh2 Re8 22.
Qg3 fxe5 23. Bxe5 Nxe5 24. Bxe8 Qxe8 25. Rxe5 Qxa4 26. Qc3 Bf6 27. Rxd5 Nxd5 0-1

[Event "AUTO-OPEN-608"]
[Site "http://www.queenalice.com/game.php?id=299513"]
[Date "2007.11.7"]
[Round "2"]
[White "gabrielbrenner"]
[Black "Pato"]
[Result "0-1"]
[WhiteElo "1787"]
[BlackElo "1945"]

1. e4 Nc6 2. Bb5 d5 3. exd5 Qxd5 4. Nc3 Qxg2 5. Qf3 Qxf3 6. Nxf3 Bd7 7. d3 O-O-O
8. Be3 a6 9. Bc4 e6 10. Rg1 Nf6 11. Kd2 Rg8 12. Rg2 Na5 13. Bb3 Nxb3+ 14. axb3
Bc6 15. Rg3 Bd6 16. Rh3 Bxf3 17. Rxf3 Bxh2 18. Rh3 Be5 19. Bg5 h6 20. Be3 Bxc3+
21. bxc3 Nd5 22. Bd4 f6 23. c4 e5 24. Bb2 Nf4 25. Rg3 g5 26. Rh1 h5 27. Rgg1 h4
28. f3 Rh8 29. Ke1 h3 30. Kf2 Rh4 31. Bc1 Ne6 32. Be3 Rdh8 33. Kg3 f5 34. Kh2
R8h5 35. c3 Kd7 36. d4 exd4 37. cxd4 Nxd4 38. Rd1 c5 39. b4 b6 40. Kg3 f4+ 41.
Bxf4 gxf4+ 42. Kh2 Kc6 43. Rxd4 cxd4 44. Rd1 Rg5 0-1

[Event "AUTO-OPEN-608"]
[Site "http://www.queenalice.com/game.php?id=299514"]
[Date "2007.11.7"]
[Round "2"]
[White "Pato"]
[Black "gabrielbrenner"]
[Result "1-0"]
[WhiteElo "2092"]
[BlackElo "1842"]

1. Nh3 d5 2. Na3 Bxh3 3. gxh3 e5 4. e3 Bxa3 5. bxa3 Nc6 6. Rb1 b6 7. c4 d4 8.
Bg2 Nge7 9. a4 dxe3 10. fxe3 Qd3 11. Qb3 Qd6 12. Ba3 Qd7 13. Bxe7 Kxe7 14. Qb5
Rad8 15. Qxc6 Qxd2+ 16. Kf1 Qd3+ 17. Kf2 Qf5+ 18. Bf3 Rd2+ 19. Ke1 Qxb1+ 20.
Kxd2 Rd8+ 21. Bd5 Rxd5+ 22. Qxd5 Qb2+ 23. Kd3 Qa3+ 24. Ke4 f5+ 25. Kxf5 g6+ 26.
Ke4 Qxa2 27. Qxe5+ 1-0

[Event "AUTO-OPEN-608"]
[Site "http://www.queenalice.com/game.php?id=299515"]
[Date "2007.11.7"]
[Round "2"]
[White "gabrielbrenner"]
[Black "trallala"]
[Result "1-0"]
[WhiteElo "1731"]
[BlackElo "1360"]

1. e4 e5 2. Nf3 Nc6 3. Bb5 Nf6 4. Nc3 Nd4 5. Nxd4 exd4 6. Ne2 Nxe4 7. Nxd4 Bc5
8. Qf3 O-O 9. O-O Nd6 10. Nf5 Nxb5 11. d3 Nd6 12. Nxg7 Kxg7 13. Qg3+ Kh8 14. Bh6
Rg8 15. Qe5+ f6 16. Qxc5 Nf7 17. Be3 d6 18. Qh5 Rg6 19. f4 Bg4 20. Qh4 Bd7 21.
Rae1 Bc6 22. Re2 Qg8 23. Rff2 1-0

[Event "AUTO-OPEN-608"]
[Site "http://www.queenalice.com/game.php?id=299516"]
[Date "2007.11.7"]
[Round "2"]
[White "trallala"]
[Black "gabrielbrenner"]
[Result "1-0"]
[WhiteElo "1816"]
[BlackElo "1769"]

1. e4 e5 2. Nf3 Nc6 3. d4 exd4 4. Nxd4 Nxd4 5. Qxd4 d6 6. Bc4 Be6 7. O-O Nf6 8.
Bg5 Be7 9. Nc3 O-O 10. Rae1 c5 11. Qd3 a6 12. a4 Qb6 13. Bxf6 Bxf6 14. b3 Qb4
15. Nd5 Bxd5 16. Qxd5 Qb6 17. f4 Bh4 18. Re3 Bf6 19. e5 dxe5 20. fxe5 Bg5 21.
Ref3 1-0

[Event "AUTO-OPEN-747"]
[Site "http://www.queenalice.com/game.php?id=308516"]
[Date "2007.11.22"]
[Round "2"]
[White "bmax1968"]
[Black "gabrielbrenner"]
[Result "1-0"]
[WhiteElo "1999"]
[BlackElo "1733"]

1. c4 e5 2. Nc3 Nc6 3. g3 Bc5 4. Nf3 Nf6 5. Bg2 O-O 6. O-O d6 7. d3 Bg4 8. Bg5
h6 9. Bxf6 Qxf6 10. Nd5 Qd8 11. e4 Nd4 12. b4 c6 13. bxc5 Nxf3+ 14. Bxf3 Bxf3
15. Qxf3 cxd5 16. cxd6 dxe4 17. Qxe4 Qxd6 18. Qxb7 Qxd3 19. Rfd1 Qxc4 20. Rdc1
Qe2 21. Re1 Qh5 22. Rad1 Qg5 23. Rd5 Rfd8 24. Rdxe5 Rdb8 25. Qd5 Qd8 26. Qf3 Qd2
27. a3 a5 28. Rd1 Qb2 29. Re2 Qb5 30. Re7 Rf8 31. Rxf7 1-0

[Event "AUTO-OPEN-747"]
[Site "http://www.queenalice.com/game.php?id=308517"]
[Date "2007.11.22"]
[Round "2"]
[White "gabrielbrenner"]
[Black "bmax1968"]
[Result "0-1"]
[WhiteElo "1734"]
[BlackElo "2053"]

1. e4 d6 2. d4 Nf6 3. Nc3 g6 4. Nf3 Bg7 5. Bc4 O-O 6. O-O Nc6 7. h3 Nxe4 8. Nxe4
d5 9. Bxd5 Qxd5 10. Nc3 Qc4 11. Be3 Nb4 12. a3 Nd5 13. Nxd5 Qxd5 14. Re1 Bf5 15.
c3 Rfe8 16. Bf4 c5 17. dxc5 Qxc5 18. Re2 Rad8 19. Qe1 Bd3 20. Re3 e6 21. Rd1 Bc2
22. Rxd8 Rxd8 23. Qe2 Bd1 24. Qe1 Bxf3 25. gxf3 Qf5 26. Bg3 Qxh3 27. f4 Rd5 28.
f3 b6 29. Qe2 Qxg3+ 0-1

[Event "AUTO-OPEN-747"]
[Site "http://www.queenalice.com/game.php?id=308520"]
[Date "2007.11.22"]
[Round "2"]
[White "dante72"]
[Black "gabrielbrenner"]
[Result "1-0"]
[WhiteElo "1938"]
[BlackElo "1716"]

1. d4 d5 2. e3 a6 3. f4 Nf6 4. Nc3 e6 5. Nf3 Bb4 6. Bd2 O-O 7. a3 Ba5 8. b4 Bb6
9. Be2 Nc6 10. O-O Bd7 11. Be1 Ne7 12. Bh4 Ng6 13. Bg3 Ng4 14. Qd2 f6 15. h3 Nh6
16. Bd3 f5 17. Nd1 Nf7 18. Nc3 Nd6 19. a4 c6 20. Ne5 Nxe5 21. fxe5 Nf7 22. a5
Ba7 23. Be2 Qg5 24. Rf4 1-0

[Event "AUTO-OPEN-747"]
[Site "http://www.queenalice.com/game.php?id=308521"]
[Date "2007.11.22"]
[Round "2"]
[White "gabrielbrenner"]
[Black "dante72"]
[Result "0-1"]
[WhiteElo "1724"]
[BlackElo "1930"]

1. e4 e5 2. Nf3 d6 3. Bc4 Be6 4. Bb3 h6 5. O-O Be7 6. d3 Nf6 7. Nc3 Bxb3 8. axb3
O-O 9. Be3 c5 10. Ne2 Nc6 11. c3 Qd7 12. Ng3 Ng4 13. h3 Nxe3 14. fxe3 Bf6 15. d4
cxd4 16. exd4 exd4 17. cxd4 Qc7 18. d5 Ne7 19. Rc1 Qb6+ 20. Kh1 Rfe8 21. Rc2 Ng6
22. Qd2 Qxb3 0-1